Visualizzazione normale
Vista MARC
- Castilla y León (España)
di Geographic Name
Records bibliografici associati: 2
001 - CONTROL NUMBER
- control field: 15923
003 - CONTROL NUMBER IDENTIFIER
- control field: IT-RoINE
005 - DATE AND TIME OF LATEST TRANSACTION
- control field: 20150109155945.0
008 - FIXED-LENGTH DATA ELEMENTS
- fixed length control field: 150109|| aca||aabn | a|a d
040 ## - CATALOGING SOURCE
- Original cataloging agency: IT-RoINE
- Transcribing agency: IT-RoINE
151 ## - HEADING--GEOGRAPHIC NAME
- Geographic name: Castilla y León (España)
- General subdivision: Condiciones económicas
- Chronological subdivision: Siglos 19o.-20o.
670 ## - SOURCE DATA FOUND
- Source citation: Work cat.: (IT-RoINE)0: Estudios sobre capitalismo agrario, crédito e industria en Castilla (siglos XIX y XX) /, 1991.